|
|
|
|
| LEADER |
00000nam a22000007a 4500 |
| 005 |
20170606225513.0 |
| 007 |
cr|||| |||| |
| 008 |
170606s2015 ar |||||s|||| 00||0 spa d |
| 020 |
|
|
|a 978-987-723-044-4
|
| 035 |
|
|
|a 20314
|
| 040 |
|
|
|a vLex
|
| 090 |
|
|
|c 6753
|d 6753
|
| 100 |
1 |
|
|a Galati, Elvio
|
| 245 |
1 |
3 |
|a Los comitš hospitalarios de bioťica
|h [Recurso electrn̤ico] /
|c Elvio Galati
|
| 256 |
|
|
|a Servicio en ln̕ea
|
| 260 |
|
|
|a Barcelona:
|b Editorial vLex,
|c 2015
|
| 300 |
|
|
|a 1 recurso electrn̤ico (432 p.)
|
| 500 |
|
|
|a Una comprensin̤ trialista y transdisciplinaria desde el Derecho de la Salud.
|
| 506 |
1 |
|
|a Disponible solo en los productos indicados
|d vLex Global
|d vLex Global (Academic Edition, excluding Law Schools)
|d vLex Global (U.S. Academic Edition, Law Schools)
|d vLex Global (U.S. Academic Edition, excluding Law Schools)
|d vLex Global (Academic Edition, Law Schools)
|
| 650 |
0 |
4 |
|a Proteccin̤ de la salud
|z Argentina
|
| 740 |
0 |
|
|a vLex Libros (Servicio en ln̕ea)
|
| 856 |
4 |
0 |
|u http://vlex.com/source/comites-hospitalarios-bioetica-20314
|z Acceso restringido
|
| 942 |
|
|
|c BOOK
|
| 999 |
0 |
|
|a Protection of health
|